000
00279nam a22001337a 4500
008
171102b xxu||||| |||| 00| 0 eng d
020
_a
9789951882507
041
_a
alb
080
_a
7
100
_a
44
101
_a
ART
245
_a
DIZAJNI GRAFIK
_c
GUSIA,M
942
_2
udc
_c
BK
999
_c
37341
_d
37341